00650 2200193 4500001002100000005001700021008004100038035002400079040001200103082001200115090002300127110003400150245009000184260007500274300003500349650003900384850001200423990002100435YOGYA-0209000004328820090227025941.0 ind  0010-020900000043288 aYOPDYOG a364.021 aYOG 364.021bKan S aKANTOR STATISTIK (Yogyakarta) aStatistik kriminal Propinsi Daerah Istimewa Yogyakarta tahun 1986 /cKantor Statistik aYogyakartabKantor Statistik Provinsi Daerah Istimewa Yogyakartac1987 axix, [iii] lembarbilusc28 cm aKejahatan dan penjahat - Statistik aYOPDYOG a26058-PD/A.07b1